Sofferenza : (Record no. 43913)
[ view plain ]
| 000 -LEADER | |
|---|---|
| fixed length control field | 00474nam a22001691a 4500 |
| 020 ## - INTERNATIONAL STANDARD BOOK NUMBER | |
| Terms of availability | 0.00 |
| 040 ## - CATALOGING SOURCE | |
| Original cataloging agency | NEGST Library - Kenya |
| 050 ## - LIBRARY OF CONGRESS CALL NUMBER | |
| Classification number | PL 8704.K4K53 1984 |
| 100 ## - MAIN ENTRY--PERSONAL NAME | |
| Personal name | Kezilahabi, Euphrase. |
| 245 ## - TITLE STATEMENT | |
| Title | Sofferenza : |
| Remainder of title | poesie Scelte |
| Medium | [Text] |
| 260 ## - PUBLICATION, DISTRIBUTION, ETC. (IMPRINT) | |
| Place of publication, distribution, etc | Napoli |
| Name of publisher, distributor, etc | Plural |
| Date of publication, distribution, etc | c1984 |
| 300 ## - PHYSICAL DESCRIPTION | |
| Extent | 100 p.; |
| 500 ## - GENERAL NOTE | |
| General note | [Africana] |
| 600 ## - SUBJECT ADDED ENTRY--PERSONAL NAME | |
| Personal name | Swahili Language - Texts |
| 852 ## - LOCATION/CALL NUMBER | |
| -- | 18.00 |
| Withdrawn status | Lost status | Source of classification or shelving scheme | Damaged status | Not for loan | Collection code | Home library | Current library | Shelving location | Date acquired | Source of acquisition | Cost, normal purchase price | Total Checkouts | Full call number | Barcode | Date last seen | Copy number | Price effective from | Koha item type |
|---|---|---|---|---|---|---|---|---|---|---|---|---|---|---|---|---|---|---|
| Library of Congress Classification | Special Collection | AIU/NEGST - Tony Wilmot Memorial Library | AIU/NEGST - Tony Wilmot Memorial Library | Special Collection | 02/19/2010 | Donation- SIL | 18.00 | S PL 8704.K4K53 1984 | R41164P3232 | 09/26/2019 | 1 | 02/19/2010 | Special Collection |
